| 000 | 01315cam a2200337 a 4500 | ||
|---|---|---|---|
| 001 | 15304253 | ||
| 005 | 20260630160326.0 | ||
| 008 | 080523s2008 ilu b 000 0 eng | ||
| 010 | _a 2008022649 | ||
| 020 | _a9780830834723 | ||
| 020 | _a0830834729 | ||
| 035 | _a15304253 | ||
| 035 | _a(OCoLC)223907736 | ||
| 040 |
_aDLC _cDLC _dYDX _dBTCTA _dBAKER _dYDXCP _dBWX _dDLC |
||
| 050 | 0 | 0 |
_aBX4406.5.Z8 _bP665 2008 |
| 082 | 0 | 0 |
_a271/.97 _222 |
| 100 | 1 |
_aPoplin, Mary S., _d1951- |
|
| 245 | 1 | 0 |
_aFinding Calcutta : _bwhat Mother Teresa taught me about meaningful work and service / _cMary Poplin. |
| 260 |
_aDowners Grove, Ill. : _bIVP Books, _cc2008. |
||
| 300 |
_a222 p. ; _c21 cm. |
||
| 504 | _aIncludes bibliographical references (p. [189]-209). | ||
| 583 |
_aCataloguing: _c20260630 _kmketermketer |
||
| 600 | 0 | 0 |
_aTeresa, _cMother, Saint, _d1910-1997. |
| 650 | 0 |
_aWork _xReligious aspects _xChristianity. |
|
| 650 | 0 | _aService (Theology) | |
| 856 | 4 | 1 |
_3Table of contents only _uhttp://www.loc.gov/catdir/toc/fy0904/2008022649.html |
| 906 |
_a7 _bcbc _corignew _d1 _eecip _f20 _gy-gencatlg |
||
| 942 |
_2lcc _cBK |
||
| 999 |
_c21736 _d21735 |
||